A társaságok adózásának összehasonlítása kiva, illetve társasági adó választása esetén

Bibliográfiai részletek
Szerző: Vermes Krisztián
További közreműködők: Galántainé Dr. Máté Dr. Zsuzsanna
Dokumentumtípus: Diplomadolgozat
Kulcsszavak:Társasági adó
Kisvállalati adó
Adózás
Online Access:http://dolgozattar.uni-bge.hu/14589

MARC

LEADER 00000nta a2200000 i 4500
001 dolg14589
005 20171218132221.0
008 171218suuuu hu om 000 hun d
040 |a BGE Dolgozattár Repozitórium  |b hun 
041 |a hu 
100 1 |a Vermes Krisztián 
245 1 2 |a A társaságok adózásának összehasonlítása kiva, illetve társasági adó választása esetén  |c Vermes Krisztián  |h [elektronikus dokumentum] 
246 1 1 |a A társaságok adózásának összehasonlítása kiva, illetve társasági adó választása esetén 
695 |a Társasági adó  
695 |a Kisvállalati adó 
695 |a Adózás  
700 1 |a Galántainé Dr. Máté Dr. Zsuzsanna  |e ths 
856 4 0 |u http://dolgozattar.uni-bge.hu/14589/1/Vermes%20Kriszti%C3%A1n_szakdolgozat.pdf  |z Dokumentum-elérés